000 00438nam a2200181Ia 4500
001 17350
005 20260306171511.0
008 260306s9999||||xx |||||||||||||| ||und||
041 _aESP
082 _a657.73
_bA93
100 _aAyala Zavala, Pascual
_eAUT
245 0 _aManual de prácticas de contabilidad general
260 _c2006
300 _a431 páginas :
_c
650 _aGEN
654 _aCCO
942 _cLIB
_dJUS
_fJUS
_2ddc
_n
999 _c17350
_d17350